000 00897nam a22002657a 4500
001 ENG-90239
003 dpl
005 20080527163253.0
008 080527t xxu||||| |||| 00| 0 eng d
010 _aENG-90239
020 _a8183821316
_c95.00
035 _aEN-73772
037 _bDBAD/PUB
040 _aDPL
_bEN
082 _a495
100 _aManmohan Singh
245 _aLearn to speak and write Italian /
_cby Manmohan Singh
260 _aNew Delhi
_bLotus Press
_c2008
270 _a4263/3, Ansari Road, Darya Ganj,
_bNew Delhi
_e110002
_k32903912
_mlotus_press@sify.com
300 _a158p.
_c22 cm.
500 _aIncludes bibliographical references
650 _aItalian language
942 _2ddc
_cEN
_h495
_mMAN
999 _c13064
_d13064